Statistics for Countries Capital's General Knowledge #3

Click here to take the quiz!

General Stats

  • This quiz has been taken 68 times
    (49 since last reset)
  • The average score is 9 of 10

Answer Stats

CountryCapital% Correct
FranceParis
100%
IrelandDublin
98%
IndiaNew Delhi
95%
AustraliaCanberra
93%
South KoreaSeoul
93%
IndonesiaJakarta
91%
IranTehran
89%
MalaysiaKuala Lumpur
75%
UruguayMontevideo
70%
GuyanaGeorgetown
52%

Score Distribution

Percentile by Number Answered

Percent of People with Each Score

Your Score History

You have not taken this quiz since the last reset